OPERATING SYSTEM (Record no. 216977)

MARC details
000 -LEADER
fixed length control field 00534nam a22001937a 4500
008 - FIXED-LENGTH DATA ELEMENTS--GENERAL INFORMATION
fixed length control field 260415b |||||||| |||| 00| 0 eng d
020 ## - INTERNATIONAL STANDARD BOOK NUMBER
International Standard Book Number 978-93-5746-056-9
050 ## - LIBRARY OF CONGRESS CALL NUMBER
Classification number QA 76.76 .063.S55 2023
100 ## - MAIN ENTRY--PERSONAL NAME
Personal name SILBERSCHATZ,ABRAHAM
245 ## - TITLE STATEMENT
Title OPERATING SYSTEM
250 ## - EDITION STATEMENT
Edition statement GLOBAL EDITION
260 ## - PUBLICATION, DISTRIBUTION, ETC.
Place of publication, distribution, etc. DELHI
Name of publisher, distributor, etc. WILEY
Date of publication, distribution, etc. 2023
300 ## - PHYSICAL DESCRIPTION
Extent XXII,864P ILL
500 ## - GENERAL NOTE
General note INCLUDES BIBLOGRAPHIC DESCRIPTION INDEX
650 ## - SUBJECT ADDED ENTRY
Topical term or geographic name entry element OPERATING SYSTEM CONCEPTS
700 ## - ADDED ENTRY--PERSONAL NAME
Personal name PETER BEAR GALVIN
942 ## - ADDED ENTRY ELEMENTS (KOHA)
Source of classification or shelving scheme Library of Congress Classification
Koha item type Long Loan Book
Holdings
Withdrawn status Lost status Source of classification or shelving scheme Damaged status Not for loan Collection Home library Current library Shelving location Date acquired Inventory number Total checkouts Full call number Barcode Date last seen Copy number Price effective from Koha item type
    Library of Congress Classification     Science & Technology Kisii University Library Kisii University Library On Display 04/15/2026 112834   QA 76.76 .063 .S55 2023 A001617 04/15/2026 C.1 04/15/2026 Long Loan Book
    Library of Congress Classification     Science & Technology Kisii University Library Kisii University Library On Display 04/15/2026 112835   QA 76.76 .063 .S55 2023 A001618 04/15/2026 C.2 04/15/2026 Long Loan Book
    Library of Congress Classification     Science & Technology Kisii University Library Kisii University Library On Display 04/15/2026 112836   QA 76.76 .O63 .S55 2023 A001620 04/15/2026 C.3 04/15/2026 Long Loan Book
    Library of Congress Classification     Science & Technology Kisii University Library Kisii University Library On Display 04/15/2026 112837   QA 76.76 .O63 .S55 2023   04/15/2026 C.4 04/15/2026 Long Loan Book